[Event "4NCL Division 3"]
[Site "Daventry Court ENG"]
[Date "2014.03.23"]
[Round "8.66"]
[White "Lund, D Brett"]
[Black "LeMoir, David A"]
[Result "1-0"]
[WhiteElo "2259"]
[BlackElo "2120"]
[PlyCount "49"]
[EventDate "2014.03.23"]
[WhiteTeam "Spirit of Atticus A"]
[BlackTeam "Anglian Avengers 2"]

1. c4 e5 2. g3 Nc6 3. Bg2 f5 4. Nc3 Nf6 5. e3 d5 6. cxd5 Nb4 7. d3 Nbxd5 8.
Nge2 Be6 9. O-O Qd7 10. Nxd5 Bxd5 11. e4 Bc6 12. Bh3 Rd8 13. Nc3 Qxd3 14. Qb3
Qd7 15. Bxf5 Qf7 16. Be6 Qh5 17. Bg5 Bd6 18. Bxf6 gxf6 19. Nd5 Rf8 20. Rac1 Qg6
21. Rfe1 Bxd5 22. exd5 f5 23. Qxb7 f4 24. Rxc7 Bxc7 25. Qc6+ 1-0

[Event "4NCL Division 3"]
[Site "Daventry Court ENG"]
[Date "2014.03.23"]
[Round "8.67"]
[White "Gregory, Stephen J"]
[Black "Ivell, Nicholas W"]
[Result "1-0"]
[WhiteElo "2046"]
[BlackElo "2282"]
[PlyCount "35"]
[EventDate "2014.03.23"]
[WhiteTeam "Anglian Avengers 2"]
[BlackTeam "Spirit of Atticus A"]

1. e4 c5 2. Nf3 e6 3. d3 Nc6 4. g3 d5 5. Nbd2 Nf6 6. Bg2 Be7 7. O-O O-O 8. Re1
dxe4 9. dxe4 e5 10. c3 Bg4 11. Qe2 Qd7 12. Nc4 Qe6 13. Ne3 Bh5 14. Nf5 Rfd8 15.
Bh3 Ng4 16. Ng5 Bxg5 17. Bxg5 f6 18. Bc1 1-0

[Event "4NCL Division 3"]
[Site "Daventry Court ENG"]
[Date "2014.03.23"]
[Round "8.69"]
[White "Scott, Gordon W"]
[Black "Ackley, Peter JE"]
[Result "1-0"]
[WhiteElo "2064"]
[BlackElo "2030"]
[PlyCount "57"]
[EventDate "2014.03.23"]
[WhiteTeam "Anglian Avengers 2"]
[BlackTeam "Spirit of Atticus A"]

1. Nf3 e6 2. c4 f5 3. g3 Nf6 4. Bg2 d5 5. O-O Bd6 6. d3 O-O 7. Nc3 dxc4 8. dxc4
Nc6 9. e4 e5 10. Qb3 Qe8 11. c5+ Be6 12. Qxb7 Rb8 13. Qa6 fxe4 14. Ng5 Bxc5 15.
Ncxe4 Rb6 16. Qd3 Nxe4 17. Bxe4 Nb4 18. Bxh7+ Kh8 19. Qe2 Bc8 20. Bd3 Nxd3 21.
Qxd3 Bf5 22. Qd5 Bd4 23. Be3 Rb5 24. Qc4 Bxb2 25. Rad1 Qb8 26. Nf7+ Kh7 27.
Ng5+ Kh8 28. Bc5 Rf6 29. Qxb5 1-0

[Event "4NCL Division 3"]
[Site "Daventry Court ENG"]
[Date "2014.03.23"]
[Round "8.75"]
[White "Littlejohns, David P"]
[Black "Dunn, Andrew"]
[Result "1/2-1/2"]
[WhiteElo "2034"]
[BlackElo "2225"]
[PlyCount "38"]
[EventDate "2014.03.23"]
[WhiteTeam "West is Best 1"]
[BlackTeam "North East England 1"]

1. e4 e6 2. d4 d5 3. exd5 exd5 4. Nf3 Nf6 5. Bg5 Be7 6. Bd3 Bg4 7. O-O Nbd7 8.
Nbd2 O-O 9. c3 c6 10. Qc2 h6 11. Bh4 Qc7 12. Bg3 Bd6 13. Bxd6 Qxd6 14. Bf5 Qf4
15. Bxg4 Nxg4 16. h3 Ngf6 17. g3 Qc7 18. Kg2 Rfe8 19. Rfe1 b6 1/2-1/2

[Event "4NCL Division 3"]
[Site "Daventry Court ENG"]
[Date "2014.03.23"]
[Round "8.76"]
[White "Dargan, Paul AG"]
[Black "Edgell, Ben P"]
[Result "1/2-1/2"]
[WhiteElo "2173"]
[BlackElo "2096"]
[PlyCount "34"]
[EventDate "2014.03.23"]
[WhiteTeam "North East England 1"]
[BlackTeam "West is Best 1"]

1. e4 e5 2. Nf3 Nc6 3. Bc4 Bc5 4. c3 Nf6 5. d4 exd4 6. O-O Nxe4 7. cxd4 d5 8.
dxc5 dxc4 9. Qe2 Qd3 10. Re1 f5 11. Nc3 O-O 12. Nxe4 fxe4 13. Qxe4 Bf5 14. Qh4
c3 15. bxc3 Qxc3 16. Be3 Rad8 17. Rac1 Qd3 1/2-1/2

[Event "4NCL Division 3"]
[Site "Daventry Court ENG"]
[Date "2014.03.23"]
[Round "8.77"]
[White "Stuttard, Terence J"]
[Black "Coathup, Roger H"]
[Result "1/2-1/2"]
[WhiteElo "2026"]
[BlackElo "2117"]
[PlyCount "101"]
[EventDate "2014.03.23"]
[WhiteTeam "West is Best 1"]
[BlackTeam "North East England 1"]

1. c4 e5 2. Nc3 Nf6 3. g3 d5 4. cxd5 Nxd5 5. Bg2 Nb6 6. Nf3 Nc6 7. O-O Be7 8.
a3 O-O 9. b4 Be6 10. Rb1 f6 11. d3 Qd7 12. Re1 Nd5 13. Bd2 Nxc3 14. Bxc3 Bd5
15. e4 Be6 16. d4 exd4 17. Nxd4 Nxd4 18. Qxd4 Qa4 19. Ra1 Rad8 20. Qe3 Bc4 21.
Bd4 a5 22. Qc3 Bf7 23. Bc5 axb4 24. axb4 Qd7 25. Bxe7 Qxe7 26. e5 fxe5 27. Rxe5
Qf6 28. Bxb7 Bd5 29. Bxd5+ Rxd5 30. f4 Qb6+ 31. Qe3 Rxe5 32. Qxb6 cxb6 33. fxe5
Re8 34. Re1 Kf7 35. Kf2 Ke6 36. Ke3 Rc8 37. Kd3 b5 38. Re4 Rc1 39. Kd4 Rc4+ 40.
Kd3 Rc1 41. Kd4 g5 42. h4 h6 43. hxg5 hxg5 44. g4 Rc7 45. Kd3 Rc8 46. Ke3 Rc3+
47. Kd2 Rg3 48. Kc2 Rg1 49. Kd2 Rg3 50. Kc2 Ra3 51. Kd2 1/2-1/2

[Event "4NCL Division 3"]
[Site "Daventry Court ENG"]
[Date "2014.03.23"]
[Round "8.78"]
[White "Henderson, David"]
[Black "Richardt, Mike"]
[Result "1/2-1/2"]
[WhiteElo "2092"]
[BlackElo "1968"]
[PlyCount "46"]
[EventDate "2014.03.23"]
[WhiteTeam "North East England 1"]
[BlackTeam "West is Best 1"]

1. e4 e5 2. Nf3 d6 3. d4 exd4 4. Nxd4 Nf6 5. Nc3 Be7 6. Bc4 O-O 7. O-O Re8 8.
Re1 Bf8 9. Bg5 c6 10. a4 Nbd7 11. Qd2 Ne5 12. Bb3 h6 13. Bh4 Ng6 14. Bg3 Nh5
15. Re3 Nhf4 16. Rf3 Ne6 17. Rd1 Ne5 18. Re3 Qb6 19. Nf5 Ng4 20. Ree1 Nc5 21.
Nd4 Nxb3 22. Nxb3 Ne5 23. Nb1 Bg4 1/2-1/2

[Event "4NCL Division 3"]
[Site "Daventry Court ENG"]
[Date "2014.03.23"]
[Round "8.79"]
[White "Hassall, Mark I"]
[Black "Kendall, Paul SN"]
[Result "1/2-1/2"]
[WhiteElo "1952"]
[BlackElo "2039"]
[PlyCount "93"]
[EventDate "2014.03.23"]
[WhiteTeam "West is Best 1"]
[BlackTeam "North East England 1"]

1. e4 c5 2. Nf3 Nc6 3. d4 cxd4 4. Nxd4 g6 5. Nc3 Bg7 6. Be3 Nf6 7. Bc4 O-O 8.
Bb3 a5 9. O-O a4 10. Nxa4 Nxe4 11. Nb5 d6 12. c4 Be6 13. Qe2 Nf6 14. h3 Ra6 15.
Rad1 Na5 16. Nc5 Nxb3 17. axb3 Ra2 18. Nxe6 fxe6 19. Bd4 e5 20. Bxe5 Qc8 21.
Bc3 Rf7 22. Rfe1 Nh5 23. Bxg7 Kxg7 24. Rd2 Nf4 25. Qe4 Qc5 26. Qd4+ Qxd4 27.
Nxd4 Ra8 28. Kh2 g5 29. g3 Ng6 30. Ne6+ Kf6 31. f4 gxf4 32. gxf4 Nh4 33. Kg3
Nf5+ 34. Kf2 h6 35. Nc7 Rc8 36. Nd5+ Kg7 37. Rde2 Kf8 38. Re6 Rg7 39. Rg1 Rxg1
40. Kxg1 Kf7 41. Re2 e6 42. Nc3 Nd4 43. Re3 Rg8+ 44. Kf2 Nf5 45. Rd3 Ke7 46.
Ne4 Rf8 47. b4 1/2-1/2

[Event "4NCL Division 3"]
[Site "Daventry Court ENG"]
[Date "2014.03.23"]
[Round "8.85"]
[White "Ruthen, Stephen W"]
[Black "Barnes, Michael H"]
[Result "0-1"]
[WhiteElo "2052"]
[BlackElo "2196"]
[PlyCount "68"]
[EventDate "2014.03.23"]
[WhiteTeam "Iceni 1"]
[BlackTeam "e2e4.org.uk 2"]

1. c4 g6 2. g3 Bg7 3. Bg2 c5 4. Nc3 Nc6 5. Nf3 e5 6. d3 Nge7 7. O-O O-O 8. a3
d6 9. Rb1 f5 10. Nd5 h6 11. b4 cxb4 12. axb4 Nxd5 13. cxd5 Ne7 14. Nd2 g5 15.
b5 f4 16. Ba3 Rf6 17. Rc1 Nf5 18. Ne4 Rg6 19. e3 g4 20. Re1 h5 21. Qc2 fxe3 22.
fxe3 Bh6 23. Qc7 Bxe3+ 24. Rxe3 Qxc7 25. Rxc7 Nxe3 26. Nxd6 Bf5 27. Nxf5 Nxf5
28. Be4 Rf6 29. Rxb7 Ne3 30. Bg2 Rc8 31. d6 Rc2 32. Bd5+ Kh8 33. Rb8+ Kg7 34.
Rg8+ Kh7 0-1

[Event "4NCL Division 3"]
[Site "Daventry Court ENG"]
[Date "2014.03.23"]
[Round "8.86"]
[White "Briggs, Philip J"]
[Black "Feavyour, John A"]
[Result "1-0"]
[WhiteElo "2186"]
[BlackElo "2045"]
[PlyCount "51"]
[EventDate "2014.03.23"]
[WhiteTeam "e2e4.org.uk 2"]
[BlackTeam "Iceni 1"]

1. d4 d5 2. Nf3 Nf6 3. c4 c6 4. Bf4 e6 5. Nbd2 Nbd7 6. g3 Be7 7. Bg2 O-O 8. O-O
Nh5 9. e4 Nxf4 10. gxf4 dxe4 11. Nxe4 Qc7 12. Qd2 Nf6 13. Nxf6+ Bxf6 14. Ne5 c5
15. dxc5 Qxc5 16. Rad1 Rb8 17. b4 Qc7 18. Qe3 Be7 19. Qxa7 Bd6 20. c5 Bxe5 21.
fxe5 Qxe5 22. Rd6 b6 23. Qxb8 Ba6 24. Qxb6 Bxf1 25. Rd8 g6 26. Rxf8+ 1-0

[Event "4NCL Division 3"]
[Site "Daventry Court ENG"]
[Date "2014.03.23"]
[Round "8.88"]
[White "Mansson, James C"]
[Black "Botham, C Paul"]
[Result "1-0"]
[WhiteElo "2104"]
[BlackElo "2038"]
[PlyCount "53"]
[EventDate "2014.03.23"]
[WhiteTeam "e2e4.org.uk 2"]
[BlackTeam "Iceni 1"]

1. d4 Nf6 2. c4 g6 3. f3 d5 4. cxd5 Nxd5 5. e4 Nb6 6. Nc3 Bg7 7. Be3 O-O 8. Qd2
c6 9. Rd1 e5 10. d5 cxd5 11. exd5 f5 12. h4 N8d7 13. h5 f4 14. Bf2 Nf6 15. h6
Bh8 16. Bh4 Bf5 17. Bd3 Bxd3 18. Qxd3 Qd7 19. Nge2 a6 20. O-O Rac8 21. b3 Qd6
22. Bxf6 Bxf6 23. Ne4 Qe7 24. d6 Qe6 25. d7 Rc7 26. Nxf6+ Qxf6 27. d8=Q 1-0

[Event "4NCL Division 3"]
[Site "Daventry Court ENG"]
[Date "2014.03.23"]
[Round "8.89"]
[White "Reynolds, D Ian W"]
[Black "Taylor, Adam A"]
[Result "0-1"]
[WhiteElo "2014"]
[BlackElo "1992"]
[PlyCount "74"]
[EventDate "2014.03.23"]
[WhiteTeam "Iceni 1"]
[BlackTeam "e2e4.org.uk 2"]

1. e4 c5 2. c3 e6 3. d4 d5 4. e5 Nc6 5. a3 c4 6. b3 cxb3 7. Qxb3 Na5 8. Qa4+
Bd7 9. Bb5 Nc4 10. Nd2 Nb6 11. Qb3 Bxb5 12. Qxb5+ Qd7 13. a4 Rc8 14. Ne2 Nc4
15. Nxc4 Rxc4 16. Ba3 Rxa4 17. Qb3 Rxa3 18. Rxa3 Bxa3 19. Qxa3 a6 20. O-O Ne7
21. Rb1 O-O 22. Nc1 Qc7 23. Nd3 a5 24. Nc5 b6 25. Na4 Nc8 26. h3 f6 27. f4 fxe5
28. fxe5 Qc4 29. Re1 Qd3 30. Qb2 Qg3 31. Re2 Qf4 32. Re1 h5 33. Qe2 h4 34. Rd1
Qg5 35. Rd3 Ne7 36. Nxb6 Nf5 37. Qd2 Ng3 0-1

[Event "4NCL Division 3"]
[Site "Daventry Court ENG"]
[Date "2014.03.23"]
[Round "8.90"]
[White "Milson, Samuel A"]
[Black "Downham, Alan F"]
[Result "1/2-1/2"]
[WhiteElo "2045"]
[BlackElo "1992"]
[PlyCount "103"]
[EventDate "2014.03.23"]
[WhiteTeam "e2e4.org.uk 2"]
[BlackTeam "Iceni 1"]

1. e4 d5 2. exd5 Qxd5 3. Nc3 Qd6 4. d4 Nf6 5. Nf3 g6 6. Bc4 Bg7 7. O-O O-O 8.
Nb5 Qd8 9. Bf4 Na6 10. d5 c6 11. dxc6 bxc6 12. Nbd4 Qb6 13. Qe2 Bb7 14. a4 Nd5
15. Be5 Bxe5 16. Qxe5 Qc7 17. Rfe1 Qxe5 18. Rxe5 Nac7 19. Bxd5 Nxd5 20. c4 Nb4
21. Rxe7 Rab8 22. Rae1 c5 23. Nb5 a6 24. Nc7 Nd3 25. R1e2 Bxf3 26. gxf3 Nxb2
27. Nxa6 Rb6 28. Nxc5 Nxc4 29. Rb7 Rc6 30. Nb3 Ra8 31. Ree7 Nd6 32. Ra7 Rb8 33.
Nd2 Rc1+ 34. Kg2 Rf8 35. Ne4 Nf5 36. Red7 h6 37. Nd6 Nxd6 38. Rxd6 Rc5 39. h4
Rf5 40. a5 Rc8 41. a6 Rc3 42. Rb7 Rcxf3 43. Rd2 Ra3 44. a7 Kg7 45. Kf1 g5 46.
hxg5 hxg5 47. Rd8 Ra1+ 48. Kg2 Ra2 49. a8=Q Raxf2+ 50. Kg3 R2f3+ 51. Kg4 R3f4+
52. Kg3 1/2-1/2

[Event "4NCL Division 3"]
[Site "Daventry Court ENG"]
[Date "2014.03.23"]
[Round "8.95"]
[White "Coates, Kenneth G"]
[Black "Habershon, Paul F"]
[Result "1-0"]
[WhiteElo "2155"]
[BlackElo "2082"]
[PlyCount "173"]
[EventDate "2014.03.23"]
[WhiteTeam "BCM Rhinos (2)"]
[BlackTeam "MK Phoenix 1"]

1. d4 Nf6 2. Nf3 e6 3. Bf4 d5 4. e3 Be7 5. h3 O-O 6. Bd3 b6 7. O-O Bb7 8. Nbd2
Nbd7 9. Qe2 Ne4 10. Rac1 c5 11. c4 f5 12. cxd5 exd5 13. Ne5 Nxe5 14. Bxe5 Bd6
15. Nf3 Rc8 16. Ba6 Rc7 17. dxc5 bxc5 18. Rfd1 Bxe5 19. Nxe5 Qd6 20. Bxb7 Rxb7
21. Nd3 Rc8 22. Nf4 Nf6 23. Rc2 Qe5 24. Qa6 Rbc7 25. Rcd2 d4 26. Nd3 Qe4 27.
exd4 cxd4 28. Ne1 Rd8 29. Nf3 Rcd7 30. Qc4+ Qd5 31. Qxd5+ Rxd5 32. Rxd4 Rxd4
33. Rxd4 Rc8 34. Rd2 Ne4 35. Re2 Rc1+ 36. Kh2 Rf1 37. Nd4 Nxf2 38. Nxf5 Nd3 39.
Nd6 h6 40. b3 Nc1 41. Rc2 Nd3 42. Kg3 Rf6 43. Nc4 Rg6+ 44. Kh2 h5 45. g3 Re6
46. Rd2 Ne1 47. Rd5 Re2+ 48. Kg1 Rxa2 49. Rxh5 Nf3+ 50. Kf1 Nh2+ 51. Ke1 Nf3+
52. Kd1 Nd4 53. b4 Nc6 54. b5 Nb4 55. Rf5 Nd3 56. Nd2 Nb2+ 57. Kc2 Na4+ 58. Kb3
Rxd2 59. Kxa4 Rd3 60. Rg5 Kf7 61. h4 Kf6 62. Ka5 Ra3+ 63. Kb4 Re3 64. Kc5 Rc3+
65. Kd6 g6 66. Rg4 Ra3 67. Kc6 Kf5 68. Rg5+ Kf6 69. Kb7 Ra5 70. Rc5 Ra3 71. g4
Ra4 72. h5 gxh5 73. gxh5 Ra5 74. Kc6 Kg7 75. Rf5 Kh6 76. Rd5 Kg7 77. Kd6 Kh6
78. Kc6 Kg7 79. Rd6 Kg8 80. Kc5 Ra1 81. Ra6 Rc1+ 82. Kd6 Rb1 83. Ra5 Rd1+ 84.
Kc6 Rc1+ 85. Kb7 Rc5 86. Kxa7 Rxh5 87. Ka6 1-0

[Event "4NCL Division 3"]
[Site "Daventry Court ENG"]
[Date "2014.03.23"]
[Round "8.96"]
[White "Macdonald-Ross, Michael"]
[Black "Purdon, Colin"]
[Result "1/2-1/2"]
[WhiteElo "2142"]
[BlackElo "2147"]
[PlyCount "35"]
[EventDate "2014.03.23"]
[WhiteTeam "MK Phoenix 1"]
[BlackTeam "BCM Rhinos (2)"]

1. d4 d5 2. Nf3 Nf6 3. e3 Bf5 4. c4 c6 5. cxd5 cxd5 6. Nc3 Nc6 7. Qb3 Rb8 8.
Bd2 e6 9. Rc1 Be7 10. Be2 O-O 11. O-O Ne4 12. Rfd1 Nxd2 13. Rxd2 Bg6 14. Na4
Bb4 15. Rdd1 Qe7 16. a3 Bd6 17. Nc5 b6 18. Na4 1/2-1/2

[Event "4NCL Division 3"]
[Site "Daventry Court ENG"]
[Date "2014.03.23"]
[Round "8.98"]
[White "Reuben, Stewart"]
[Black "Fegan, Chris"]
[Result "1-0"]
[WhiteElo "2054"]
[BlackElo "2054"]
[PlyCount "65"]
[EventDate "2014.03.23"]
[WhiteTeam "MK Phoenix 1"]
[BlackTeam "BCM Rhinos (2)"]

1. c4 d6 2. Nc3 c6 3. e4 g6 4. d4 e5 5. Be3 Nd7 6. Be2 Ne7 7. Nf3 Bg7 8. Qd2
O-O 9. Bh6 Bxh6 10. Qxh6 exd4 11. Nxd4 Ne5 12. O-O-O Be6 13. h4 Kh8 14. h5 Ng8
15. Nxe6 fxe6 16. Qe3 g5 17. c5 Qf6 18. Rxd6 Qxf2 19. Qxf2 Rxf2 20. Rxe6 Nd7
21. Bf3 Nxc5 22. Rd6 g4 23. Bxg4 Rxg2 24. Bf5 Ne7 25. b4 Nxf5 26. exf5 Rg3 27.
Ne2 Re3 28. Nf4 Na6 29. Ng6+ Kg8 30. f6 Rf3 31. Ne5 Rf5 32. Rg1+ Kf8 33. Nd7+
1-0

[Event "4NCL Division 3"]
[Site "Daventry Court ENG"]
[Date "2014.03.23"]
[Round "8.99"]
[White "Scrimgour, Alan"]
[Black "Fraser-Mitchell, Jeremy N"]
[Result "0-1"]
[WhiteElo "2031"]
[BlackElo "2048"]
[PlyCount "62"]
[EventDate "2014.03.23"]
[WhiteTeam "BCM Rhinos (2)"]
[BlackTeam "MK Phoenix 1"]

1. e4 e6 2. d4 d5 3. e5 c5 4. c3 Nc6 5. Nf3 Nh6 6. Bd3 cxd4 7. cxd4 f6 8. Bxh6
gxh6 9. O-O Bg7 10. Re1 O-O 11. Nbd2 Bd7 12. Qb1 fxe5 13. Bxh7+ Kh8 14. dxe5
Qc7 15. Qc2 Rac8 16. Rac1 Qb6 17. Qb1 Nxe5 18. Rxc8 Nxf3+ 19. Nxf3 Bxc8 20. Re2
e5 21. Nh4 e4 22. Ng6+ Kxh7 23. Nxf8+ Bxf8 24. Qc1 Bd7 25. Qf4 Qd6 26. Qf7+ Bg7
27. f4 Bc6 28. h4 d4 29. h5 Qf6 30. Qc4 d3 31. Rxe4 d2 0-1

[Event "4NCL Division 3"]
[Site "Daventry Court ENG"]
[Date "2014.03.23"]
[Round "8.100"]
[White "Smith, Graham M"]
[Black "Foley, John P"]
[Result "1-0"]
[WhiteElo "2052"]
[BlackElo "2030"]
[PlyCount "113"]
[EventDate "2014.03.23"]
[WhiteTeam "MK Phoenix 1"]
[BlackTeam "BCM Rhinos (2)"]

1. Nf3 d5 2. c4 c6 3. e3 Nf6 4. b3 Bg4 5. h3 Bh5 6. Bb2 e6 7. Be2 Nbd7 8. g4
Bg6 9. Nc3 h6 10. d3 Bd6 11. Qd2 Qe7 12. cxd5 cxd5 13. Nd4 a6 14. f4 Rc8 15.
O-O e5 16. Nf3 e4 17. dxe4 Bxe4 18. Rfd1 Bb4 19. a3 Bxc3 20. Bxc3 O-O 21. Bb4
Nc5 22. Nd4 Rfe8 23. Rac1 Nfd7 24. Bf1 Qh4 25. Qf2 Qxf2+ 26. Kxf2 Ne6 27. Nf5
Rxc1 28. Rxc1 h5 29. Nd6 Rb8 30. f5 Nd8 31. Nxe4 dxe4 32. Bd6 Ra8 33. Bg2 hxg4
34. hxg4 Nc6 35. Bxe4 Rc8 36. Bf3 Ndb8 37. e4 Re8 38. e5 Nd7 39. Bxc6 bxc6 40.
Rxc6 Ra8 41. b4 g6 42. Kf3 gxf5 43. gxf5 a5 44. b5 a4 45. b6 Ra5 46. Rc8+ Kg7
47. b7 Rb5 48. b8=Q Nxb8 49. Rxb8 Rb3+ 50. Ke4 Rh3 51. f6+ Kh7 52. Rf8 Rh4+ 53.
Kd5 Rf4 54. Rxf7+ Kg8 55. Rf8+ Kh7 56. e6 Rf5+ 57. Be5 1-0

[Event "4NCL Division 3"]
[Site "Daventry Court ENG"]
[Date "2014.03.23"]
[Round "8.106"]
[White "Maciol, Ryszard"]
[Black "Mossong, Hubert"]
[Result "1/2-1/2"]
[WhiteElo "2202"]
[BlackElo "2104"]
[PlyCount "124"]
[EventDate "2014.03.23"]
[WhiteTeam "Celtic Tigers 1"]
[BlackTeam "Leeds University Old Boys"]

1. d4 d6 2. e4 Nf6 3. f3 c6 4. c4 Nbd7 5. Be3 e5 6. d5 Be7 7. Ne2 Nh5 8. Qd2 c5
9. g3 a6 10. a4 O-O 11. Bg2 g6 12. O-O f5 13. exf5 gxf5 14. Bh6 Ng7 15. Nbc3
Rf6 16. b3 Nf8 17. Be3 Bd7 18. f4 a5 19. fxe5 dxe5 20. Rae1 Rg6 21. Kh1 Bd6 22.
Ng1 Qc7 23. Nf3 Rf6 24. Nh4 Ng6 25. Ne4 Rff8 26. Nxd6 Qxd6 27. Nf3 b6 28. Bh6
Rae8 29. Qg5 e4 30. Nh4 Qe7 31. Qxe7 Rxe7 32. Nxg6 hxg6 33. Bf4 Rc8 34. g4 Rf7
35. h4 Re8 36. Kg1 Kh7 37. Re3 Rg8 38. Bc7 Bxa4 39. Bxb6 Rb8 40. Bxc5 Rxb3 41.
h5 Rxe3 42. Bxe3 Bb3 43. gxf5 Nxf5 44. Bxe4 Bxc4 45. Rf4 Bb5 46. d6 Bd7 47. Bb6
a4 48. Bd5 Rf6 49. Bc5 gxh5 50. Be4 Kg6 51. Kf2 Kg5 52. Bxf5 Rxf5 53. Rxf5+
Kxf5 54. Ke2 h4 55. Kd3 h3 56. Bg1 Kf4 57. Bh2+ Kf3 58. Kc3 Kg2 59. Be5 h2 60.
Bxh2 Kxh2 61. Kb2 Kg3 62. Ka1 Kf4 1/2-1/2

[Event "4NCL Division 3"]
[Site "Daventry Court ENG"]
[Date "2014.03.23"]
[Round "8.107"]
[White "Wojciechowski, Paul"]
[Black "Kemp, Peter D"]
[Result "0-1"]
[WhiteElo "2060"]
[BlackElo "2157"]
[PlyCount "106"]
[EventDate "2014.03.23"]
[WhiteTeam "Leeds University Old Boys"]
[BlackTeam "Celtic Tigers 1"]

1. e4 e5 2. Nc3 Nf6 3. Bc4 c6 4. Nf3 d6 5. d4 exd4 6. Qxd4 Be7 7. Bf4 O-O 8.
O-O Ne8 9. Rad1 Qb6 10. Bb3 Bg4 11. Rd3 Nd7 12. h3 Bxf3 13. Qxb6 axb6 14. Rxf3
Nc5 15. Rd1 Rd8 16. Bg3 Nc7 17. Re3 Rfe8 18. Na4 Nxb3 19. axb3 b5 20. Nc3 Ne6
21. b4 Rd7 22. Red3 Red8 23. Ne2 Kf8 24. f3 Ke8 25. b3 g6 26. Nd4 d5 27. exd5
Rxd5 28. Nxe6 fxe6 29. Rxd5 exd5 30. c3 Ra8 31. Be5 Ra3 32. Bd4 Kf7 33. Kf1 Bh4
34. Rd2 Rxb3 35. Ke2 Ra3 36. Kd3 Be7 37. Ke2 b6 38. g4 c5 39. bxc5 bxc5 40. Be5
Ke6 41. f4 Bd6 42. Bxd6 Kxd6 43. Rb2 Kc6 44. f5 gxf5 45. gxf5 Rxc3 46. f6 Ra3
47. f7 Ra8 48. Kd3 Rf8 49. Rf2 Kd6 50. Rf6+ Ke5 51. Rb6 b4 52. Rb5 c4+ 53. Ke3
b3 0-1

[Event "4NCL Division 3"]
[Site "Daventry Court ENG"]
[Date "2014.03.23"]
[Round "8.108"]
[White "Pedersen, Carsten"]
[Black "Birkin, Mark H"]
[Result "0-1"]
[WhiteElo "2152"]
[BlackElo "1932"]
[PlyCount "63"]
[EventDate "2014.03.23"]
[WhiteTeam "Celtic Tigers 1"]
[BlackTeam "Leeds University Old Boys"]

1. e4 e6 2. d4 d5 3. Nd2 Nf6 4. e5 Nfd7 5. Bd3 c5 6. c3 Nc6 7. Ne2 cxd4 8. cxd4
f6 9. exf6 Nxf6 10. Nf3 Qb6 11. O-O Bd6 12. Bf4 Qc7 13. Qd2 O-O 14. Bg3 Nh5 15.
Qc2 b6 16. Bxh7+ Kh8 17. Bxd6 Qxd6 18. Nh4 Rf6 19. Ng6+ Kxh7 20. Ngf4+ Rf5 21.
Nxh5 Kg8 22. Nhg3 Rf7 23. f4 Bd7 24. Rad1 Raf8 25. Rf3 Na5 26. Qc3 Qb8 27. b3
Nc6 28. Qe3 Ne7 29. Qf2 Bb5 30. h3 Qd6 31. Rd2 Ng6 32. Nh5 0-1

[Event "4NCL Division 3"]
[Site "Daventry Court ENG"]
[Date "2014.03.23"]
[Round "8.109"]
[White "Deighton, Simon"]
[Black "Skulte, Christopher"]
[Result "1/2-1/2"]
[WhiteElo "2021"]
[BlackElo "1970"]
[PlyCount "43"]
[EventDate "2014.03.23"]
[WhiteTeam "Leeds University Old Boys"]
[BlackTeam "Celtic Tigers 1"]

1. d4 d5 2. c4 Nc6 3. cxd5 Qxd5 4. e3 e5 5. Nc3 Bb4 6. a3 Bxc3+ 7. bxc3 exd4 8.
cxd4 Nf6 9. Nf3 O-O 10. Be2 Ne4 11. Bd2 Bg4 12. O-O Rac8 13. h3 Bh5 14. Ne1
Bxe2 15. Qxe2 Nxd2 16. Qxd2 Ne7 17. Qb4 c5 18. dxc5 Rxc5 19. Nd3 Rc7 20. Rfd1
Rfc8 21. Nf4 Qe5 22. Qd4 1/2-1/2

[Event "4NCL Division 3"]
[Site "Daventry Court ENG"]
[Date "2014.03.23"]
[Round "8.110"]
[White "Buttell, David"]
[Black "Bourne, Iain"]
[Result "1/2-1/2"]
[WhiteElo "1882"]
[BlackElo "1919"]
[PlyCount "114"]
[EventDate "2014.03.23"]
[WhiteTeam "Celtic Tigers 1"]
[BlackTeam "Leeds University Old Boys"]

1. d4 c5 2. d5 Nf6 3. c4 b5 4. cxb5 a6 5. bxa6 g6 6. Nc3 Bxa6 7. Nf3 d6 8. g3
Bg7 9. e4 Bxf1 10. Kxf1 O-O 11. Kg2 Nbd7 12. h3 Ra6 13. Rb1 Qa8 14. Re1 Rb8 15.
Qc2 Rb4 16. a3 Rb7 17. Nd2 e6 18. Nc4 Rb8 19. dxe6 fxe6 20. Bf4 Ne8 21. Rbd1
Bd4 22. f3 Qb7 23. Re2 Qb3 24. Qxb3 Rxb3 25. Rc2 Nb8 26. Nd2 Rb7 27. Nc4 Rb3
28. Nd2 Rb7 29. Nc4 Rb3 30. Ne2 e5 31. Bc1 Nc6 32. Nd2 Rb7 33. Nc4 Na5 34. Nxa5
Rxa5 35. b4 Ra4 36. Nxd4 cxd4 37. f4 Rc7 38. Rxc7 Nxc7 39. g4 Nb5 40. Bb2 Ra7
41. f5 Nxa3 42. Ra1 Nb5 43. Rxa7 Nxa7 44. Kf3 Kf7 45. Ke2 Kf6 46. Kd3 gxf5 47.
exf5 d5 48. Bxd4 exd4 49. Kxd4 Nc6+ 50. Kxd5 Nxb4+ 51. Kd6 Nd3 52. h4 Nf2 53.
g5+ Kxf5 54. Ke7 Ne4 55. Kf7 Nxg5+ 56. Kg7 h5 57. Kh6 Nf3 1/2-1/2

[Event "4NCL Division 3"]
[Site "Daventry Court ENG"]
[Date "2014.03.23"]
[Round "8.117"]
[White "Henderson, Ian R"]
[Black "Mercs, Peter J"]
[Result "0-1"]
[WhiteElo "2066"]
[BlackElo "2063"]
[PlyCount "78"]
[EventDate "2014.03.23"]
[WhiteTeam "Surbiton"]
[BlackTeam "Ashfield-Breadsall"]

1. d4 Nf6 2. c4 e6 3. Nc3 c5 4. d5 exd5 5. cxd5 d6 6. e4 g6 7. f4 Bg7 8. Bb5+
Nfd7 9. a4 a6 10. Bd3 Qh4+ 11. g3 Qd8 12. Nf3 O-O 13. O-O Nf6 14. Re1 Bg4 15.
Bf1 Re8 16. h3 Bxf3 17. Qxf3 Nbd7 18. Be3 Nb6 19. Bf2 Nfd7 20. Rad1 Rc8 21. h4
Bxc3 22. bxc3 Nxa4 23. Bh3 b5 24. h5 Nb2 25. Ra1 Ra8 26. hxg6 hxg6 27. Bxd7
Qxd7 28. Kg2 f6 29. g4 Re7 30. e5 fxe5 31. fxe5 Rxe5 32. Rxe5 dxe5 33. Qe4 Qf7
34. Bxc5 Nc4 35. d6 Rd8 36. Rxa6 Nd2 37. Qd3 Qb7+ 38. Kh3 Qh1+ 39. Kg3 Ne4+ 0-1

[Event "4NCL Division 3"]
[Site "Daventry Court ENG"]
[Date "2014.03.23"]
[Round "8.118"]
[White "Jarvis, Derek A"]
[Black "Crombleholme, Alan K"]
[Result "1/2-1/2"]
[WhiteElo "1916"]
[BlackElo "2109"]
[PlyCount "93"]
[EventDate "2014.03.23"]
[WhiteTeam "Ashfield-Breadsall"]
[BlackTeam "Surbiton"]

1. e4 e6 2. d4 d5 3. Nd2 c5 4. exd5 exd5 5. Bb5+ Nc6 6. Qe2+ Be7 7. Ngf3 Nf6 8.
O-O O-O 9. dxc5 Bxc5 10. Nb3 Be7 11. h3 Ne4 12. Rd1 Be6 13. c4 Nf6 14. Bg5 a6
15. cxd5 Nxd5 16. Bxc6 bxc6 17. Bxe7 Qxe7 18. Nbd4 Bd7 19. Qc4 Rfc8 20. Rac1
Qf6 21. Qc5 h6 22. b4 Be8 23. a3 Nf4 24. Qe5 Kh7 25. Qxf6 gxf6 26. Rc5 Rd8 27.
Kf1 Ra7 28. Rb1 Rad7 29. Rc4 Rd6 30. h4 Kg6 31. g3 Nd3 32. Rc3 Ne5 33. Nxe5+
fxe5 34. Nb3 Rb8 35. Rbc1 Rb5 36. Na5 f6 37. Nxc6 Rxc6 38. Rxc6 Bxc6 39. Rxc6
a5 40. Rc5 Rxc5 41. bxc5 Kf5 42. Ke2 Ke6 43. Kd3 Kd5 44. c6 Kxc6 45. Kc4 f5 46.
h5 a4 47. Kb4 1/2-1/2

[Event "4NCL Division 3"]
[Site "Daventry Court ENG"]
[Date "2014.03.23"]
[Round "8.119"]
[White "James, Angus S"]
[Black "Taylor, Robert P"]
[Result "1/2-1/2"]
[WhiteElo "1958"]
[BlackElo "1898"]
[PlyCount "78"]
[EventDate "2014.03.23"]
[WhiteTeam "Surbiton"]
[BlackTeam "Ashfield-Breadsall"]

1. e4 e5 2. Nf3 Nc6 3. Bc4 h6 4. O-O Nf6 5. Re1 Bc5 6. h3 O-O 7. d3 d6 8. c3
Re8 9. Bb3 Be6 10. Bc2 Bb6 11. Nbd2 a6 12. Nf1 Ne7 13. Nh4 c5 14. Qf3 Ng6 15.
Nf5 Bxf5 16. exf5 Nh4 17. Qxb7 Nxf5 18. d4 Ne7 19. Qf3 Ned5 20. dxe5 Rxe5 21.
Rxe5 dxe5 22. Ng3 Bc7 23. Ne4 c4 24. Nxf6+ Nxf6 25. Be3 Rb8 26. Rd1 Qe7 27. b4
cxb3 28. axb3 e4 29. Qe2 Qe5 30. g3 Qxc3 31. Bd4 Qc6 32. Ra1 a5 33. Ra4 Qe6 34.
Bxf6 Qxf6 35. Rxe4 g6 36. Rc4 Bb6 37. Rf4 Qg5 38. Kh2 Bc7 39. Rf3 Rd8 1/2-1/2